...

NIRU LIBRARY

RWANDA : (Record no. 372)

MARC details
000 -LEADER
fixed length control field 00686nam a22002297a 4500
003 - CONTROL NUMBER IDENTIFIER
control field OSt
005 - DATE AND TIME OF LATEST TRANSACTION
control field 20230630071713.0
008 - FIXED-LENGTH DATA ELEMENTS--GENERAL INFORMATION
fixed length control field 230630b |||||||| |||| 00| 0 eng d
020 ## - INTERNATIONAL STANDARD BOOK NUMBER
International Standard Book Number 9781092401036
040 ## - CATALOGING SOURCE
Transcribing agency NIRUC
Modifying agency NIRUC
050 ## - LIBRARY OF CONGRESS CALL NUMBER
Classification number DT 4503.
Item number . R83 2015
100 ## - MAIN ENTRY--PERSONAL NAME
Personal name Ndahiro Alfred,
Relator term editor.
245 ## - TITLE STATEMENT
Title RWANDA :
Remainder of title rebuilding of a nation /
Statement of responsibility, etc. edited by A. Ndahiro, J. Rwagatare, A. Nkusi.
260 ## - PUBLICATION, DISTRIBUTION, ETC.
Place of publication, distribution, etc. Kigali ;
Name of publisher, distributor, etc. Fountain Publishers,
Date of publication, distribution, etc. 2015.
300 ## - PHYSICAL DESCRIPTION
Extent xvi, 264p, ;
Other physical details ill,
Dimensions 24 cm.
650 ## - SUBJECT ADDED ENTRY--TOPICAL TERM
Source of heading or term Rwanda
650 ## - SUBJECT ADDED ENTRY--TOPICAL TERM
Source of heading or term Politics and government
650 ## - SUBJECT ADDED ENTRY--TOPICAL TERM
Source of heading or term Front patriotique rwandais
700 ## - ADDED ENTRY--PERSONAL NAME
Personal name Rwagatare, J
Relator term editor.
700 ## - ADDED ENTRY--PERSONAL NAME
Personal name Nkusi A.
Relator term editor
942 ## - ADDED ENTRY ELEMENTS (KOHA)
Source of classification or shelving scheme Library of Congress Classification
Koha item type Books
Suppress in OPAC No
Holdings
Withdrawn status Lost status Source of classification or shelving scheme Damaged status Not for loan Home library Current library Shelving location Date acquired Total checkouts Full call number Barcode Date last seen Price effective from Koha item type
    Library of Congress Classification     NIRU LIBRARY NIRU LIBRARY On display 06/30/2023   DT 450.3. R83 2015 2023-0896 06/30/2023 06/30/2023 Books
    Library of Congress Classification     NIRU LIBRARY NIRU LIBRARY On display 06/30/2023   DT 450.3. R83 2015 2023-0897 06/30/2023 06/30/2023 Books
Copyright © 2025&6. National Intelligence and Research University. All Rights Reserved.